Visualizzazione normale
Vista MARC
- D'Avena Cristina
di Personal Name
Records bibliografici associati: 1
001 - CONTROL NUMBER
- control field: 25320
003 - CONTROL NUMBER IDENTIFIER
- control field: IT-RoPau
005 - DATE AND TIME OF LATEST TRANSACTION
- control field: 20140516164453.0
008 - FIXED-LENGTH DATA ELEMENTS
- fixed length control field: 140516|| aca||aabn | a|a d
040 ## - CATALOGING SOURCE
- Original cataloging agency: IT-RoPau
- Transcribing agency: IT-RoPau
100 ## - HEADING--PERSONAL NAME
- Personal name: D'Avena Cristina
- Dates associated with a name: Codice interprete SPICS: 24664
- Relator term: Interprete
670 ## - SOURCE DATA FOUND
- Source citation: Work cat.: (IT-RoPau)99963: AA.VV. 794, Fivelandia 6 (Lp Fm 13619)